[Event "17. Open de Sants Hostafrancs 2015"]
[Site "Barcelona ESP"]
[Date "2015.08.22"]
[Round "2.77"]
[White "Domingo Nunez, Ruben"]
[Black "Lindblom, Roar"]
[Result "1-0"]
[WhiteElo "2281"]
[BlackElo "1900"]
[PlyCount "47"]
[EventDate "2015.08.21"]
[EventType "swiss"]
[EventRounds "10"]
[EventCountry "ESP"]
[SourceTitle "Ajedrez en Madrid"]
[Source "lmi"]
[SourceDate "2015.08.21"]

1. e4 e5 2. Nf3 Nc6 3. Bc4 Nf6 4. d3 Bc5 5. c3 d6 6. h3 O-O 7. Nbd2 a6 8. Bb3
h6 9. O-O b5 10. Re1 Re8 11. Nf1 Bb7 12. Ng3 Ne7 13. Nh4 Rf8 14. Qf3 Kh7 15. d4
Bb6 16. dxe5 dxe5 17. Nh5 Nxh5 18. Qxh5 Ng6 19. Nf5 Qf6 20. Bxh6 gxh6 21. Qxh6+
Kg8 22. g4 c5 23. g5 Qh8 24. Qxg6+ 1-0

[Event "17. Open de Sants Hostafrancs 2015"]
[Site "Barcelona ESP"]
[Date "2015.08.23"]
[Round "3.1"]
[White "Bachmann, Axel"]
[Black "Ootes, Lars"]
[Result "1-0"]
[WhiteElo "2623"]
[BlackElo "2400"]
[PlyCount "83"]
[EventDate "2015.08.21"]
[EventType "swiss"]
[EventRounds "10"]
[EventCountry "ESP"]
[SourceTitle "Ajedrez en Madrid"]
[Source "lmi"]
[SourceDate "2015.08.21"]
[WhiteClock "0:31:45"]
[BlackClock "0:45:39"]

1. d4 Nf6 2. Nf3 g6 3. Bf4 Bg7 4. h3 c5 5. e3 O-O 6. c3 d6 7. Be2 b6 8. O-O Bb7
9. a4 Nc6 10. Bh2 Rc8 11. Nbd2 Na5 12. b4 cxb4 13. cxb4 Nc6 14. Qb3 a5 15. bxa5
Nxa5 16. Qb2 Rb8 17. Bd3 Bc6 18. e4 Nd7 19. Bb5 Bxb5 20. Qxb5 e5 21. dxe5 dxe5
22. Rfd1 Qc7 23. Rac1 Nc5 24. Nc4 Nxc4 25. Rxc4 Ra8 26. Rd5 Rfd8 27. Bg3 f6 28.
Nd4 Rxd5 29. exd5 Bf8 30. Nc6 Qd6 31. Rd4 Nd7 32. Rc4 Nc5 33. f4 Qxd5 34. fxe5
Rxa4 35. Rxa4 Qd1+ 36. Kh2 Qxa4 37. Qxb6 Nd7 38. Qb7 Nxe5 39. Nxe5 fxe5 40.
Qd5+ Kg7 41. Bxe5+ Kh6 42. Qf7 1-0

[Event "17. Open de Sants Hostafrancs 2015"]
[Site "Barcelona ESP"]
[Date "2015.08.23"]
[Round "3.2"]
[White "Zude, Erik"]
[Black "Potkin, Vladimir"]
[Result "0-1"]
[WhiteElo "2398"]
[BlackElo "2599"]
[PlyCount "82"]
[EventDate "2015.08.21"]
[EventType "swiss"]
[EventRounds "10"]
[EventCountry "ESP"]
[SourceTitle "Ajedrez en Madrid"]
[Source "lmi"]
[SourceDate "2015.08.21"]
[WhiteClock "0:17:37"]
[BlackClock "0:23:59"]

1. d4 Nf6 2. c4 e6 3. Nf3 b6 4. g3 Ba6 5. Nbd2 Bb7 6. Bg2 Be7 7. O-O O-O 8. Re1
d5 9. cxd5 exd5 10. Nb1 Ne4 11. Nc3 Nxc3 12. bxc3 Nc6 13. Rb1 Na5 14. Nd2 Qd7
15. Nb3 Nc4 16. Nc5 Bxc5 17. dxc5 Qe7 18. Qd4 Rfd8 19. Rd1 bxc5 20. Qh4 Qxh4
21. gxh4 Bc6 22. Bf4 Rd7 23. e4 dxe4 24. Rxd7 Bxd7 25. Bxe4 Re8 26. f3 Nb6 27.
Bxc7 f5 28. Bb7 Re3 29. Rd1 Be6 30. Rd8+ Kf7 31. Bd6 Rxc3 32. Bc6 Bd5 33. Bxd5+
Nxd5 34. Be5 Rd3 35. Rc8 Rxf3 36. Rxc5 Ne3 37. Rc1 f4 38. Re1 Nf5 39. Re4 Re3
40. Rxe3 fxe3 41. Kf1 Kg6 0-1

[Event "17. Open de Sants Hostafrancs 2015"]
[Site "Barcelona ESP"]
[Date "2015.08.23"]
[Round "3.3"]
[White "Piorun, Kacper"]
[Black "Valdes Romero, Leonardo"]
[Result "1-0"]
[WhiteElo "2592"]
[BlackElo "2396"]
[PlyCount "55"]
[EventDate "2015.08.21"]
[EventType "swiss"]
[EventRounds "10"]
[EventCountry "ESP"]
[SourceTitle "Ajedrez en Madrid"]
[Source "lmi"]
[SourceDate "2015.08.21"]
[WhiteClock "0:05:14"]
[BlackClock "0:34:50"]

1. e4 d6 2. f4 Nf6 3. Nc3 g6 4. d4 Bg7 5. Nf3 c5 6. Bb5+ Bd7 7. Bxd7+ Nbxd7 8.
d5 O-O 9. Qe2 Nb6 10. a4 Rb8 11. O-O Qd7 12. Bd2 Rfe8 13. a5 Na8 14. f5 b5 15.
e5 b4 16. exf6 exf6 17. Ne4 Qxf5 18. Rae1 Qxd5 19. Qd3 Qxd3 20. cxd3 f5 21.
Nxd6 Rxe1 22. Rxe1 Bxb2 23. Nc4 Bf6 24. Bf4 Rc8 25. Nd6 Rd8 26. Nb7 Rc8 27. Be5
Kg7 28. Nd6 1-0

[Event "17. Open de Sants Hostafrancs 2015"]
[Site "Barcelona ESP"]
[Date "2015.08.23"]
[Round "3.4"]
[White "Cruz, Filemon"]
[Black "Vocaturo, Daniele"]
[Result "1/2-1/2"]
[WhiteElo "2395"]
[BlackElo "2578"]
[PlyCount "111"]
[EventDate "2015.08.21"]
[EventType "swiss"]
[EventRounds "10"]
[EventCountry "ESP"]
[SourceTitle "Ajedrez en Madrid"]
[Source "lmi"]
[SourceDate "2015.08.21"]
[WhiteClock "0:14:58"]
[BlackClock "0:12:36"]

1. Nf3 c5 2. b3 d6 3. Bb2 e5 4. d3 Nc6 5. e3 g6 6. c4 Bg7 7. a3 Nge7 8. Nbd2
O-O 9. Qc2 h6 10. h4 Be6 11. Be2 f5 12. Rd1 Bf7 13. Nf1 a5 14. N1h2 Qd7 15. Nd2
Be6 16. Nb1 b6 17. Nf3 Bf7 18. O-O d5 19. d4 cxd4 20. exd4 e4 21. cxd5 Bxd5 22.
Ne5 Qe6 23. Bc4 Rfd8 24. Qc1 Rac8 25. Qe3 a4 26. Nd2 axb3 27. Bxb3 Bxb3 28.
Nxc6 Bxd1 29. Nxd8 Rxd8 30. Rxd1 Nd5 31. Qb3 Nf4 32. Qxe6+ Nxe6 33. Nb3 Nc5 34.
Nc1 Na4 35. Ba1 Bf8 36. Ne2 Bxa3 37. h5 g5 38. Ng3 Rf8 39. Rb1 Bd6 40. Nf1 Kf7
41. Ne3 Ke6 42. d5+ Kd7 43. Bg7 Rf7 44. Bxh6 f4 45. Nc4 e3 46. fxe3 fxe3 47.
Bxg5 Rf5 48. Bxe3 Rxh5 49. Nxd6 Kxd6 50. Rb4 Nc3 51. Rxb6+ Kxd5 52. Bd2 Ne2+
53. Kf2 Nd4 54. Be3 Rf5+ 55. Kg3 Ne6 56. Rb5+ 1/2-1/2

[Event "17. Open de Sants Hostafrancs 2015"]
[Site "Barcelona ESP"]
[Date "2015.08.23"]
[Round "3.5"]
[White "Dragun, Kamil"]
[Black "Gonzalez Rodriguez, Jorge A"]
[Result "1/2-1/2"]
[WhiteElo "2572"]
[BlackElo "2369"]
[PlyCount "140"]
[EventDate "2015.08.21"]
[EventType "swiss"]
[EventRounds "10"]
[EventCountry "ESP"]
[SourceTitle "Ajedrez en Madrid"]
[Source "lmi"]
[SourceDate "2015.08.21"]
[WhiteClock "0:11:59"]
[BlackClock "0:52:32"]

1. d4 Nf6 2. c4 e6 3. Nf3 b6 4. g3 Bb7 5. Bg2 Bb4+ 6. Bd2 Qe7 7. O-O Bxd2 8.
Qxd2 d6 9. Nc3 Ne4 10. Nxe4 Bxe4 11. d5 e5 12. Bh3 h6 13. Nh4 O-O 14. f3 Bh7
15. e4 a5 16. Bf5 Nd7 17. Rae1 Nc5 18. b3 Qg5 19. Qc2 Qe7 20. Kh1 Rab8 21. a3
b5 22. b4 axb4 23. axb4 Na6 24. Rb1 bxc4 25. Qxc4 Rb6 26. Ra1 Nxb4 27. Rfb1
Rfb8 28. Ra4 Nxd5 29. Rxb6 Nxb6 30. Rb4 g6 31. Bxg6 Bxg6 32. Nxg6 Qf6 33. Qxc7
Qxf3+ 34. Kg1 Ra8 35. Ne7+ Kf8 36. Qxb6 Ra1+ 37. Rb1 Rxb1+ 38. Qxb1 Kxe7 39.
Qb7+ Kf6 40. Qa8 Kg7 41. Qd5 Qe3+ 42. Kg2 Qd4 43. Qa8 Qd2+ 44. Kg1 d5 45. exd5
e4 46. Qa1+ Kg6 47. Qe5 Qd1+ 48. Kf2 Qf3+ 49. Ke1 e3 50. Qf4 Qxd5 51. Qxe3 Qh1+
52. Kf2 Qxh2+ 53. Kf3 Qh1+ 54. Kf2 Qd5 55. Qb6+ f6 56. Qb8 h5 57. Qe8+ Kg5 58.
Qe3+ Kf5 59. Qf4+ Ke6 60. Qe3+ Qe5 61. Qb3+ Kf5 62. Qg8 Qe6 63. Qh7+ Kg5 64.
Qg7+ Kf5 65. Qh7+ Ke5 66. Qxh5+ Qf5+ 67. Qxf5+ Kxf5 68. Kf3 Kg5 69. g4 f5 70.
gxf5 Kxf5 1/2-1/2

[Event "17. Open de Sants Hostafrancs 2015"]
[Site "Barcelona ESP"]
[Date "2015.08.23"]
[Round "3.6"]
[White "Peralta, Fernando"]
[Black "Diaz Camallonga, Carles"]
[Result "1/2-1/2"]
[WhiteElo "2564"]
[BlackElo "2358"]
[PlyCount "125"]
[EventDate "2015.08.21"]
[EventType "swiss"]
[EventRounds "10"]
[EventCountry "ESP"]
[SourceTitle "Ajedrez en Madrid"]
[Source "lmi"]
[SourceDate "2015.08.21"]
[WhiteClock "0:31:55"]
[BlackClock "0:12:47"]

1. d4 e6 2. c4 Nf6 3. Nc3 Bb4 4. e3 O-O 5. Nge2 d5 6. a3 Bd6 7. Ng3 b6 8. cxd5
exd5 9. Be2 Re8 10. O-O Bb7 11. b4 c5 12. bxc5 bxc5 13. dxc5 Bxc5 14. Rb1 Bc6
15. Nf5 Qa5 16. Nb5 Nbd7 17. Nfd4 Bxb5 18. Bxb5 Qc7 19. Bb2 a6 20. Ba4 Bd6 21.
Nf3 Re6 22. Rc1 Nc5 23. Bc2 Qd8 24. Bf5 Re8 25. Qc2 Nce4 26. Rfd1 Qe7 27. a4
Ba3 28. Nd4 Bxb2 29. Qxb2 Rab8 30. Qa2 Qb7 31. Nc6 Qb2 32. Qxb2 Rxb2 33. Bxe4
Nxe4 34. f3 Nf6 35. Rb1 Ra2 36. Nb4 Rxa4 37. Nxd5 Nxd5 38. Rxd5 g6 39. e4 Ra2
40. Rbd1 Rc8 41. Rd8+ Rxd8 42. Rxd8+ Kg7 43. Rd6 a5 44. Ra6 g5 45. h4 gxh4 46.
Kh2 a4 47. Kh3 a3 48. Kxh4 Rxg2 49. Rxa3 f6 50. Ra6 Rg1 51. f4 Rg2 52. Ra7+ Kg8
53. Ra1 Kg7 54. Kh3 Re2 55. Ra7+ Kg6 56. Re7 Re1 57. Kg3 Rg1+ 58. Kf2 Ra1 59.
f5+ Kg5 60. Rxh7 Kf4 61. Rh4+ Ke5 62. Kf3 Ra3+ 63. Kf2 1/2-1/2

[Event "17. Open de Sants Hostafrancs 2015"]
[Site "Barcelona ESP"]
[Date "2015.08.23"]
[Round "3.7"]
[White "Valderrama Quiceno, Esteban A"]
[Black "Burmakin, Vladimir"]
[Result "1/2-1/2"]
[WhiteElo "2357"]
[BlackElo "2558"]
[PlyCount "54"]
[EventDate "2015.08.21"]
[EventType "swiss"]
[EventRounds "10"]
[EventCountry "ESP"]
[SourceTitle "Ajedrez en Madrid"]
[Source "lmi"]
[SourceDate "2015.08.21"]
[WhiteClock "0:10:34"]
[BlackClock "0:19:35"]

1. Nf3 d5 2. g3 c6 3. Bg2 Bf5 4. c4 e6 5. b3 Nf6 6. O-O h6 7. Bb2 Be7 8. d3 O-O
9. Nbd2 a5 10. a3 Bh7 11. Qc2 Nbd7 12. Ne5 Nxe5 13. Bxe5 Qb6 14. Qb2 Rfd8 15.
Nf3 c5 16. Rfb1 Qa6 17. Rc1 b5 18. Nd2 bxc4 19. bxc4 Nd7 20. Rab1 Nxe5 21. Qxe5
Rac8 22. Qc3 a4 23. h4 Bf6 24. Qc2 Bf5 25. Qa2 Qd6 26. Qc2 Qa6 27. Qa2 Qd6
1/2-1/2

[Event "17. Open de Sants Hostafrancs 2015"]
[Site "Barcelona ESP"]
[Date "2015.08.23"]
[Round "3.8"]
[White "Dvirnyy, Danyyil"]
[Black "Vuilleumier, Alexandre"]
[Result "1-0"]
[WhiteElo "2545"]
[BlackElo "2357"]
[PlyCount "83"]
[EventDate "2015.08.21"]
[EventType "swiss"]
[EventRounds "10"]
[EventCountry "ESP"]
[SourceTitle "Ajedrez en Madrid"]
[Source "lmi"]
[SourceDate "2015.08.21"]
[WhiteClock "0:25:22"]
[BlackClock "0:26:42"]

1. c4 e5 2. g3 Nf6 3. Bg2 h6 4. Nc3 Bb4 5. e4 Bxc3 6. bxc3 d6 7. Ne2 Be6 8. d3
Nbd7 9. h3 Nc5 10. f4 b6 11. O-O Bd7 12. fxe5 dxe5 13. d4 Ba4 14. Qd2 Ncd7 15.
c5 O-O 16. g4 Re8 17. Ng3 Bb5 18. Rf2 Nh7 19. a4 Bc4 20. c6 Nb8 21. d5 Na6 22.
Nf5 f6 23. Ne3 Bb3 24. Rb1 Nc5 25. Ba3 Rb8 26. Bxc5 bxc5 27. c4 Bxa4 28. Qa2
Rxb1+ 29. Qxb1 Qa8 30. Qa1 Bxc6 31. dxc6 Qxc6 32. Ra2 Ng5 33. Rxa7 Ne6 34. Nd5
Kh7 35. Qf1 Qd6 36. Qf5+ Kh8 37. h4 Rf8 38. Kh2 Nd4 39. Qg6 Ne6 40. Qf5 Nd4 41.
Qf2 Ne6 42. Qb2 1-0

[Event "17. Open de Sants Hostafrancs 2015"]
[Site "Barcelona ESP"]
[Date "2015.08.23"]
[Round "3.9"]
[White "Alonso Garcia, Rene Marcial"]
[Black "Demuth, Adrien"]
[Result "1/2-1/2"]
[WhiteElo "2339"]
[BlackElo "2541"]
[PlyCount "90"]
[EventDate "2015.08.21"]
[EventType "swiss"]
[EventRounds "10"]
[EventCountry "ESP"]
[SourceTitle "Ajedrez en Madrid"]
[Source "lmi"]
[SourceDate "2015.08.21"]
[WhiteClock "0:26:35"]
[BlackClock "0:36:37"]

1. d4 f5 2. g3 Nf6 3. Bg2 g6 4. c3 Bg7 5. Qb3 Nc6 6. Nh3 d5 7. Nf4 e6 8. h4 O-O
9. Nd2 a5 10. a4 b6 11. Nf3 Ne4 12. Nd3 Ba6 13. Bf4 Qe7 14. Nfe5 Nxe5 15. Nxe5
Nd6 16. Bf3 Nc4 17. Nxc4 Bxc4 18. Qa3 Rf7 19. Qxe7 Rxe7 20. e3 c6 21. Kd2 Bf6
22. Rhb1 Rea7 23. b3 Ba6 24. Bg5 Kg7 25. b4 axb4 26. Rxb4 Bc4 27. Rxb6 Bxg5 28.
hxg5 Rxa4 29. Rxa4 Rxa4 30. Rb7+ Kg8 31. Rb2 Bb5 32. Be2 Ra5 33. Bxb5 cxb5 34.
f4 h6 35. Ke2 hxg5 36. fxg5 Kf7 37. Kf3 Ke7 38. g4 fxg4+ 39. Kxg4 e5 40. dxe5
Ke6 41. Kf4 Ra1 42. Rxb5 Rf1+ 43. Kg4 Rg1+ 44. Kf4 Rf1+ 45. Kg4 Rg1+ 1/2-1/2

[Event "17. Open de Sants Hostafrancs 2015"]
[Site "Barcelona ESP"]
[Date "2015.08.23"]
[Round "3.10"]
[White "Boruchovsky, Avital"]
[Black "Carstensen, Jacob"]
[Result "1/2-1/2"]
[WhiteElo "2540"]
[BlackElo "2336"]
[PlyCount "139"]
[EventDate "2015.08.21"]
[EventType "swiss"]
[EventRounds "10"]
[EventCountry "ESP"]
[SourceTitle "Ajedrez en Madrid"]
[Source "lmi"]
[SourceDate "2015.08.21"]
[WhiteClock "0:29:42"]
[BlackClock "0:06:05"]

1. e4 e5 2. Nf3 Nf6 3. Nxe5 d6 4. Nf3 Nxe4 5. d4 d5 6. Bd3 Nc6 7. O-O Be7 8.
Re1 Bf5 9. Nbd2 Nd6 10. Nf1 O-O 11. c3 Bf6 12. Bf4 Bxd3 13. Qxd3 Ne7 14. Ne3 c6
15. Ng4 Ng6 16. Bxd6 Qxd6 17. Qf5 Bd8 18. g3 Bc7 19. Re2 Rfe8 20. Rae1 Rxe2 21.
Rxe2 Nf8 22. h4 Rd8 23. Ng5 Qg6 24. Qxg6 hxg6 25. Re7 Rd7 26. Re8 Rd8 27. Rxd8
Bxd8 28. Nf3 f6 29. Ne1 Kf7 30. Nd3 Be7 31. Kg2 Nd7 32. Ne3 Nb6 33. g4 Bd6 34.
Kf3 Ke6 35. Ke2 Nc4 36. Nc2 b6 37. b3 Na5 38. f4 Nb7 39. Ne3 Kf7 40. Kf3 Bc7
41. f5 gxf5 42. Nxf5 a5 43. h5 Nd6 44. Nxd6+ Bxd6 45. b4 a4 46. Nf4 b5 47. Ng6
Ke6 48. Kg2 Kf7 49. Kh3 Bc7 50. Kg2 Bd6 51. Kf2 Bh2 52. Kf3 Ke6 53. Nf4+ Kf7
54. Nd3 Ke6 55. Nc5+ Ke7 56. Nd3 Ke6 57. Nf2 Bc7 58. Nh3 Bd6 59. Nf4+ Kf7 60.
g5 fxg5 61. Nh3 Kf6 62. Kg4 Bh2 63. a3 Bf4 64. Nxf4 gxf4 65. Kxf4 Ke6 66. Kg5
Ke7 67. Kf5 Kf7 68. Ke5 Ke7 69. Kf5 Kf7 70. Ke5 1/2-1/2

[Event "17. Open de Sants Hostafrancs 2015"]
[Site "Barcelona ESP"]
[Date "2015.08.23"]
[Round "3.11"]
[White "Aroshidze, Levan"]
[Black "Lopez Mulet, Inigo"]
[Result "1-0"]
[WhiteElo "2535"]
[BlackElo "2332"]
[PlyCount "141"]
[EventDate "2015.08.21"]
[EventType "swiss"]
[EventRounds "10"]
[EventCountry "ESP"]
[SourceTitle "Ajedrez en Madrid"]
[Source "lmi"]
[SourceDate "2015.08.21"]
[WhiteClock "0:04:05"]
[BlackClock "0:06:36"]

1. e4 e6 2. d4 d5 3. Nc3 Nf6 4. e5 Nfd7 5. f4 c5 6. Nf3 Nc6 7. Be3 Be7 8. Qd2
O-O 9. dxc5 Nxc5 10. O-O-O b6 11. Bb5 Bb7 12. Bxc6 Bxc6 13. Nd4 Qc7 14. f5 Rac8
15. Rhe1 Ne4 16. Nxe4 dxe4 17. fxe6 Qxe5 18. exf7+ Rxf7 19. Nxc6 Rxc6 20. Qd5
Qxd5 21. Rxd5 Bf6 22. c3 h6 23. Kd2 Re6 24. Ke2 Kh7 25. Red1 Rfe7 26. Rd7 Kg6
27. Rxe7 Rxe7 28. Rd5 Re5 29. Rxe5 Bxe5 30. h3 h5 31. g4 hxg4 32. hxg4 Kf6 33.
Kd2 Ke6 34. b3 Bd6 35. Bd4 Bf4+ 36. Ke2 g6 37. c4 Kd6 38. b4 Kc6 39. a4 a6 40.
b5+ axb5 41. cxb5+ Kc7 42. Kd1 Bg5 43. Kc2 Bd8 44. Kc3 Kd6 45. Kc4 e3 46. Bxe3
Ke5 47. Bd4+ Ke4 48. g5 Bc7 49. Bf6 Bf4 50. Bd8 Be3 51. a5 bxa5 52. b6 Kf5 53.
b7 Bf4 54. Bxa5 Ke6 55. Kb5 Kd7 56. Ka6 Bb8 57. Bb6 Kc6 58. Ba7 Kc7 59. Bxb8+
Kxb8 60. Ka5 Kxb7 61. Kb5 Kc7 62. Kc5 Kd7 63. Kd5 Ke7 64. Ke5 Kf7 65. Kd6 Kf8
66. Ke6 Kg7 67. Ke7 Kg8 68. Kf6 Kh7 69. Kf7 Kh8 70. Kxg6 Kg8 71. Kh6 1-0

[Event "17. Open de Sants Hostafrancs 2015"]
[Site "Barcelona ESP"]
[Date "2015.08.23"]
[Round "3.12"]
[White "Kanarek, Marcel"]
[Black "Van Der Lende, Ilias"]
[Result "1-0"]
[WhiteElo "2528"]
[BlackElo "2332"]
[PlyCount "77"]
[EventDate "2015.08.21"]
[EventType "swiss"]
[EventRounds "10"]
[EventCountry "ESP"]
[SourceTitle "Ajedrez en Madrid"]
[Source "lmi"]
[SourceDate "2015.08.21"]
[WhiteClock "0:00:58"]
[BlackClock "0:00:50"]

1. d4 e6 2. c4 Nf6 3. Nf3 Bb4+ 4. Nbd2 c5 5. a3 Bxd2+ 6. Qxd2 cxd4 7. Nxd4 d5
8. cxd5 Qxd5 9. e3 O-O 10. Nb5 Na6 11. Qxd5 Nxd5 12. b4 Nac7 13. Nxc7 Nxc7 14.
Bb2 Bd7 15. Rc1 Rfc8 16. Be2 Bb5 17. Bf3 Nd5 18. Kd2 Rd8 19. Kc2 Nb6 20. Bxb7
Rab8 21. Bf3 Nc4 22. Kb3 Nd2+ 23. Ka2 Bc4+ 24. Rxc4 Nxc4 25. Bd4 Rbc8 26. Kb3
a5 27. Bc5 Nd2+ 28. Ka4 axb4 29. axb4 Nxf3 30. gxf3 Ra8+ 31. Kb3 Rd2 32. b5
Raa2 33. Bd4 Rac2 34. b6 Rc8 35. Ra1 Rb8 36. Kc3 Rxf2 37. b7 Rf1 38. Ra8 Rc1+
39. Kd2 1-0

[Event "17. Open de Sants Hostafrancs 2015"]
[Site "Barcelona ESP"]
[Date "2015.08.23"]
[Round "3.13"]
[White "Vehi Bach, Victor Manuel"]
[Black "Riff, Jean-Noel"]
[Result "1-0"]
[WhiteElo "2330"]
[BlackElo "2519"]
[PlyCount "112"]
[EventDate "2015.08.21"]
[EventType "swiss"]
[EventRounds "10"]
[EventCountry "ESP"]
[SourceTitle "Ajedrez en Madrid"]
[Source "lmi"]
[SourceDate "2015.08.21"]

1. e4 c5 2. Nf3 d6 3. d4 cxd4 4. Nxd4 Nf6 5. Nc3 a6 6. Be3 e5 7. Nb3 Be6 8. h3
Be7 9. f4 exf4 10. Bxf4 Nc6 11. Qe2 Nd7 12. O-O-O Nce5 13. Kb1 O-O 14. g4 Rc8
15. Nd5 Bxd5 16. Rxd5 Re8 17. Rd1 b5 18. Nd4 Bf8 19. Qg2 Nc5 20. Nf5 Na4 21. h4
Qb6 22. Ne3 Nc4 23. Nd5 Qb7 24. Bc1 Ncb6 25. Bd3 Nxd5 26. exd5 b4 27. Ka1 Nc5
28. g5 Nxd3 29. Rxd3 Qc7 30. Kb1 Re4 31. h5 Rce8 32. Rd2 Qc4 33. b3 Qc3 34. Bb2
Qe3 35. Rhd1 Qf4 36. Rd4 Rxd4 37. Bxd4 Re4 38. Rf1 Qg4 39. Qxg4 Rxg4 40. Be3
Be7 41. Rf4 Rxg5 42. Rxb4 Rxd5 43. Rb8+ Bf8 44. c4 Re5 45. Bf4 Re6 46. b4 f5
47. b5 axb5 48. cxb5 Kf7 49. b6 Re4 50. Rxf8+ Kxf8 51. Bxd6+ Kf7 52. b7 Re8 53.
Kc2 Ke6 54. b8=Q Rxb8 55. Bxb8 g6 56. h6 Kd5 1-0

[Event "17. Open de Sants Hostafrancs 2015"]
[Site "Barcelona ESP"]
[Date "2015.08.23"]
[Round "3.14"]
[White "Blomqvist, Erik"]
[Black "Delorme, Alban"]
[Result "1-0"]
[WhiteElo "2508"]
[BlackElo "2331"]
[PlyCount "83"]
[EventDate "2015.08.21"]
[EventType "swiss"]
[EventRounds "10"]
[EventCountry "ESP"]
[SourceTitle "Ajedrez en Madrid"]
[Source "lmi"]
[SourceDate "2015.08.21"]
[WhiteClock "0:45:31"]
[BlackClock "0:39:38"]

1. Nf3 c5 2. c4 Nc6 3. Nc3 g6 4. e3 Bg7 5. d4 cxd4 6. exd4 d6 7. h3 Nf6 8. d5
Ne5 9. Nxe5 dxe5 10. Be2 O-O 11. O-O e6 12. Bg5 exd5 13. cxd5 Qb6 14. Qd2 Bf5
15. Rfd1 Qd6 16. Nb5 Qb6 17. Be3 Qd8 18. Nxa7 Be4 19. Bc4 Rxa7 20. Bxa7 Qc7 21.
Qb4 b5 22. Qc5 Rc8 23. Bxb5 Qxc5 24. Bxc5 Rxc5 25. Bc6 Nxd5 26. Rac1 Rxc1 27.
Rxc1 Nf4 28. Rc4 Bd3 29. Rb4 Bf8 30. Rb8 Kg7 31. b4 Ne2+ 32. Kh1 Nd4 33. Bd5
Bb5 34. Rb7 Bd6 35. Rxf7+ Kh6 36. a3 Nc2 37. Ra7 Bd3 38. Bg8 Be4 39. f3 Bc6 40.
h4 g5 41. Rxh7+ Kg6 42. h5+ 1-0

[Event "17. Open de Sants Hostafrancs 2015"]
[Site "Barcelona ESP"]
[Date "2015.08.23"]
[Round "3.15"]
[White "Lemeaux, David"]
[Black "Cuartas, Jaime Alexander"]
[Result "1/2-1/2"]
[WhiteElo "2324"]
[BlackElo "2503"]
[PlyCount "126"]
[EventDate "2015.08.21"]
[EventType "swiss"]
[EventRounds "10"]
[EventCountry "ESP"]
[SourceTitle "Ajedrez en Madrid"]
[Source "lmi"]
[SourceDate "2015.08.21"]

1. d4 d5 2. c4 c6 3. Nf3 Nf6 4. e3 g6 5. Nc3 Bg7 6. Be2 O-O 7. O-O e6 8. b4
Nbd7 9. Qb3 Ne4 10. Nxe4 dxe4 11. Nd2 f5 12. Bb2 Kh8 13. Rad1 a5 14. a3 Qe7 15.
d5 exd5 16. Bxg7+ Kxg7 17. cxd5 cxd5 18. Qxd5 axb4 19. Qd4+ Nf6 20. axb4 Ra4
21. Rb1 Rd8 22. Qc3 Be6 23. Bc4 Rxd2 24. Bxe6 Rd3 25. Qc2 Raa3 26. Bc4 Rdc3 27.
Qb2 Qe5 28. h3 b5 29. Be2 g5 30. Rbc1 Rab3 31. Qa1 Ra3 32. Qb2 Rab3 33. Qa1 f4
34. Rxc3 Rxc3 35. Rc1 Rxc1+ 36. Qxc1 Kg6 37. Qc6 Qa1+ 38. Bf1 fxe3 39. fxe3 Qe1
40. Qc5 g4 41. hxg4 Nxg4 42. Qd6+ Nf6 43. Qc5 h5 44. Qxb5 Qxe3+ 45. Kh1 Qe1 46.
Qc4 Ng4 47. Qg8+ Kf5 48. Qf7+ Kg5 49. Qg7+ Kf4 50. Qf8+ Ke3 51. Qc5+ Kd2 52.
Kg1 Qe3+ 53. Qxe3+ Nxe3 54. Bb5 Nd5 55. Be8 Nf4 56. Bc6 e3 57. Bf3 h4 58. b5
Nd5 59. Kh2 e2 60. Bxe2 Kxe2 61. Kh3 Kf2 62. Kxh4 Kxg2 63. b6 Nxb6 1/2-1/2

[Event "17. Open de Sants Hostafrancs 2015"]
[Site "Barcelona ESP"]
[Date "2015.08.23"]
[Round "3.16"]
[White "Bailet, Pierre"]
[Black "Ramirez Garcia, Jorge Alberto"]
[Result "1-0"]
[WhiteElo "2502"]
[BlackElo "2321"]
[PlyCount "39"]
[EventDate "2015.08.21"]
[EventType "swiss"]
[EventRounds "10"]
[EventCountry "ESP"]
[SourceTitle "Ajedrez en Madrid"]
[Source "lmi"]
[SourceDate "2015.08.21"]
[WhiteClock "0:16:25"]
[BlackClock "0:45:16"]

1. d4 Nf6 2. Nf3 e6 3. c4 d5 4. g3 Nbd7 5. Bg2 dxc4 6. Nbd2 Nb6 7. Qc2 c5 8.
dxc5 Bxc5 9. Nxc4 Nxc4 10. Qxc4 Qb6 11. O-O Bd7 12. b4 Qxb4 13. Qxb4 Bxb4 14.
Rb1 Bd6 15. Rd1 Ke7 16. Rxb7 Rhb8 17. Rxb8 Rxb8 18. Rxd6 Nd5 19. Ba3 Ke8 20. h4
1-0

[Event "17. Open de Sants Hostafrancs 2015"]
[Site "Barcelona ESP"]
[Date "2015.08.23"]
[Round "3.17"]
[White "Villegas, Pierre"]
[Black "Oliva Castaneda, Kevel"]
[Result "1/2-1/2"]
[WhiteElo "2323"]
[BlackElo "2488"]
[PlyCount "74"]
[EventDate "2015.08.21"]
[EventType "swiss"]
[EventRounds "10"]
[EventCountry "ESP"]
[SourceTitle "Ajedrez en Madrid"]
[Source "lmi"]
[SourceDate "2015.08.21"]
[WhiteClock "0:10:00"]
[BlackClock "0:02:26"]

1. d4 d6 2. e4 Nf6 3. f3 e5 4. Ne2 Be7 5. c4 O-O 6. Nbc3 c5 7. d5 Ne8 8. g3 Nd7
9. Bh3 g6 10. Bh6 Ng7 11. a4 Rb8 12. Qd2 a6 13. O-O f5 14. exf5 gxf5 15. f4 e4
16. Bxg7 Kxg7 17. Nd1 Nf6 18. Ne3 Kg6 19. g4 fxg4 20. Bg2 b5 21. axb5 axb5 22.
Nc3 bxc4 23. Nxe4 Nxe4 24. Bxe4+ Kg7 25. Qc2 Bf6 26. Nxc4 h5 27. Kh1 Qc7 28.
Qg2 Rb4 29. Bd3 Bd4 30. Rae1 Bf5 31. Bxf5 Rxf5 32. Qe4 Rf7 33. b3 Rxb3 34. Qe6
Rf6 35. Qe8 Rf7 36. Qe6 Rf6 37. Qe8 Rf7 1/2-1/2

[Event "17. Open de Sants Hostafrancs 2015"]
[Site "Barcelona ESP"]
[Date "2015.08.23"]
[Round "3.18"]
[White "Cervello Tost, Ferran"]
[Black "Ducarmon, Quinten"]
[Result "1/2-1/2"]
[WhiteElo "2303"]
[BlackElo "2475"]
[PlyCount "109"]
[EventDate "2015.08.21"]
[EventType "swiss"]
[EventRounds "10"]
[EventCountry "ESP"]
[SourceTitle "Ajedrez en Madrid"]
[Source "lmi"]
[SourceDate "2015.08.21"]
[WhiteClock "0:02:52"]
[BlackClock "0:02:47"]

1. Nf3 d5 2. g3 c6 3. Bg2 Bg4 4. d4 Nd7 5. O-O e6 6. c4 Ngf6 7. Nc3 Be7 8. c5
b6 9. b4 a5 10. b5 Bxf3 11. Bxf3 cxb5 12. c6 Nb8 13. Nxb5 Nxc6 14. Bf4 O-O 15.
a4 Qd7 16. Rc1 Rac8 17. Qb3 h6 18. Rc3 Bb4 19. Rc2 g5 20. Be3 Ne7 21. Rfc1 Rxc2
22. Rxc2 Rc8 23. h4 Nh7 24. hxg5 hxg5 25. Bc1 Rc6 26. e4 Qc8 27. Rxc6 Qxc6 28.
Qe3 Qc2 29. Kg2 Qxa4 30. Be2 dxe4 31. Qxe4 Qa2 32. Nc7 Bd6 33. Bd3 Nf5 34. Qa8+
Nf8 35. Ne8 Bxg3 36. Nf6+ Kg7 37. Nh5+ Kg8 38. Nxg3 Nh4+ 39. Kf1 Qa4 40. Ke2
Qxd4 41. Ne4 f6 42. Bd2 Nhg6 43. Qb8 Kg7 44. Bc3 Nf4+ 45. Qxf4 Qxc3 46. Qd6
Qb2+ 47. Kd1 Qa1+ 48. Kc2 Qa2+ 49. Kc1 Ng6 50. Qc7+ Kh6 51. Qc3 f5 52. Nd2 Qd5
53. Bc4 Qc5 54. Kc2 Qxf2 55. Bxe6 1/2-1/2